[Event "8. Open Bali sub-2300"]
[Site "Benidorm ESP"]
[Date "2009.11.30"]
[Round "3.15"]
[White "Plaza Pardo, Daniel"]
[Black "Nikolaidis, Konstantinos"]
[Result "0-1"]
[WhiteElo "2151"]
[BlackElo "2241"]
[PlyCount "74"]
[EventDate "2009.11.28"]
[EventType "swiss"]
[EventRounds "10"]
[EventCountry "ESP"]
[Source "lmi"]
[SourceDate "2009.11.28"]

1. c4 Nf6 2. Nc3 g6 3. Nf3 Bg7 4. g3 d5 5. cxd5 Nxd5 6. Qa4+ Bd7 7. Qb3 Nb6 8.
Bg2 c5 9. d3 Nc6 10. O-O O-O 11. Qd1 Rc8 12. Bd2 Nd4 13. Nxd4 cxd4 14. Ne4 Ba4
15. b3 Bc6 16. Rc1 f5 17. Ng5 Bxg2 18. Kxg2 Qd5+ 19. Nf3 e5 20. Kg1 e4 21. Nh4
Nd7 22. Ng2 exd3 23. exd3 Ne5 24. Nf4 Qd6 25. b4 Kh8 26. a3 Rfe8 27. f3 Qa6 28.
Qb3 Rxc1 29. Bxc1 Qc6 30. Kg2 Nxf3 31. b5 Re2+ 32. Nxe2 Nh4+ 33. Kf2 Qf3+ 34.
Ke1 Ng2+ 35. Kd2 Qxf1 36. Qe6 h6 37. Kc2 Ne3+ 0-1

[Event "8. Open Bali sub-2300"]
[Site "Benidorm ESP"]
[Date "2009.11.30"]
[Round "3.16"]
[White "Fernandez Manrique, Agustin"]
[Black "Ballesteros Gonzalez, David"]
[Result "1-0"]
[WhiteElo "2135"]
[BlackElo "2240"]
[PlyCount "67"]
[EventDate "2009.11.28"]
[EventType "swiss"]
[EventRounds "10"]
[EventCountry "ESP"]
[Source "lmi"]
[SourceDate "2009.11.28"]

1. c4 Nf6 2. Nc3 g6 3. e4 d6 4. d4 Bg7 5. Be2 O-O 6. Nf3 e5 7. O-O Nbd7 8. d5
Nc5 9. Qc2 a5 10. Bg5 h6 11. Be3 Nh5 12. Nd2 Nf4 13. Rfe1 Nxe2+ 14. Rxe2 f5 15.
f3 Nd7 16. a3 b6 17. Ree1 Nf6 18. b4 Nh5 19. c5 bxc5 20. bxc5 Nf4 21. Rab1 Qg5
22. Nc4 Ba6 23. Nb5 fxe4 24. fxe4 Rab8 25. a4 dxc5 26. Bxc5 Rf7 27. Kh1 Bf8 28.
Be3 Bb4 29. Rf1 Qh5 30. g3 Ne2 31. Rxf7 Kxf7 32. g4 Qh4 33. Qxe2 Kg8 34. Rf1
1-0

[Event "8. Open Bali sub-2300"]
[Site "Benidorm ESP"]
[Date "2009.11.30"]
[Round "3.17"]
[White "Goormachtigh, Johan"]
[Black "Borrego Mata, Manuel"]
[Result "1/2-1/2"]
[WhiteElo "2225"]
[BlackElo "2024"]
[PlyCount "90"]
[EventDate "2009.11.28"]
[EventType "swiss"]
[EventRounds "10"]
[EventCountry "ESP"]
[Source "lmi"]
[SourceDate "2009.11.28"]

1. d4 Nf6 2. c4 e6 3. Nf3 b6 4. g3 Ba6 5. Qa4 Bb7 6. Bg2 c5 7. dxc5 Bxc5 8. O-O
O-O 9. Nc3 Ne4 10. Nxe4 Bxe4 11. Bf4 Nc6 12. Ne5 Bxg2 13. Kxg2 Nxe5 14. Bxe5
Qg5 15. Bf4 Qf5 16. f3 e5 17. e4 Qe6 18. Bd2 Bd4 19. Qb3 Rac8 20. Bb4 d6 21.
Rac1 f5 22. Bxd6 Rf7 23. Ba3 fxe4 24. fxe4 h6 25. Rxf7 Qxf7 26. Qf3 Rc6 27.
Qxf7+ Kxf7 28. b3 Ke6 29. Kf3 Rc7 30. Ke2 a6 31. Rf1 b5 32. Kd3 Rd7 33. Ke2 Rc7
34. Rc1 Rf7 35. Rf1 Rc7 36. Rc1 Rf7 37. cxb5 Rf2+ 38. Kd3 axb5 39. Rc6+ Kf7 40.
Rc7+ Kg6 41. Bc5 Rf3+ 42. Kd2 Rf2+ 43. Kd3 Rf3+ 44. Ke2 Rf2+ 45. Kd3 Rf3+
1/2-1/2

[Event "8. Open Bali sub-2300"]
[Site "Benidorm ESP"]
[Date "2009.11.30"]
[Round "3.18"]
[White "Lada, Ireneusz"]
[Black "Montero Fernandez, Oscar"]
[Result "1-0"]
[WhiteElo "2123"]
[BlackElo "2223"]
[PlyCount "69"]
[EventDate "2009.11.28"]
[EventType "swiss"]
[EventRounds "10"]
[EventCountry "ESP"]
[Source "lmi"]
[SourceDate "2009.11.28"]

1. c4 Nf6 2. Nc3 c5 3. Nf3 Nc6 4. d4 cxd4 5. Nxd4 e6 6. a3 d5 7. cxd5 exd5 8.
Bg5 Be7 9. e3 O-O 10. Be2 Be6 11. O-O Rc8 12. Rc1 Qd7 13. Bb5 Qd6 14. Bf4 Qd8
15. Nxc6 bxc6 16. Ba6 Rb8 17. Bxb8 Qxb8 18. b4 Ng4 19. g3 Qe5 20. Be2 Qh5 21.
Bxg4 Bxg4 22. f3 Bd7 23. e4 Rd8 24. exd5 Bg5 25. f4 Bg4 26. Qe1 Bf6 27. h4 cxd5
28. f5 Bxf5 29. Nxd5 Bd4+ 30. Kh2 Be6 31. Nf4 Qh6 32. Nxe6 fxe6 33. Rc6 Be3 34.
Rf3 Rd2+ 35. Qxd2 1-0

[Event "8. Open Bali sub-2300"]
[Site "Benidorm ESP"]
[Date "2009.11.30"]
[Round "3.19"]
[White "Jordan Martinez, Miguel"]
[Black "Rocabert, Andreu Guillemo"]
[Result "1-0"]
[WhiteElo "2077"]
[BlackElo "2222"]
[PlyCount "107"]
[EventDate "2009.11.28"]
[EventType "swiss"]
[EventRounds "10"]
[EventCountry "ESP"]
[Source "lmi"]
[SourceDate "2009.11.28"]

1. e4 Nf6 2. e5 Nd5 3. c4 Nb6 4. d4 d6 5. exd6 cxd6 6. Nc3 g6 7. Be3 Bg7 8. Rc1
O-O 9. b3 f5 10. d5 e5 11. dxe6 Bxe6 12. Nf3 Nc6 13. Be2 Kh8 14. Qd2 d5 15. Bg5
Qd7 16. c5 Nc8 17. Nb5 a6 18. Nbd4 Bg8 19. h4 N8e7 20. h5 Nxd4 21. Nxd4 Nc6 22.
Nxc6 Qxc6 23. Bh6 Rae8 24. Bxg7+ Kxg7 25. hxg6 hxg6 26. Kf1 Qf6 27. Rh3 Re4 28.
Bf3 Rh4 29. Rxh4 Qxh4 30. g3 Qf6 31. Rd1 Rd8 32. Qf4 Rd7 33. Rd4 Be6 34. Qd2
Qd8 35. Qf4 Qf6 36. Rb4 Qc3 37. Qd4+ Qxd4 38. Rxd4 Kf6 39. Ke2 Ke5 40. Rb4 Rc7
41. Kd3 Rxc5 42. Bg2 b5 43. f4+ Kd6 44. a4 Bd7 45. Rd4 bxa4 46. b4 Rb5 47. Kc3
Bc6 48. Bf1 Rb6 49. Bc4 Ke6 50. Ba2 Rb8 51. Rd2 Rh8 52. Kd4 Kd6 53. Rc2 Rh1 54.
Rxc6+ 1-0

[Event "8. Open Bali sub-2300"]
[Site "Benidorm ESP"]
[Date "2009.11.30"]
[Round "3.20"]
[White "Mataix Arbona, Cesar"]
[Black "Varga, Mariano"]
[Result "1-0"]
[WhiteElo "2042"]
[BlackElo "2214"]
[PlyCount "69"]
[EventDate "2009.11.28"]
[EventType "swiss"]
[EventRounds "10"]
[EventCountry "ESP"]
[Source "lmi"]
[SourceDate "2009.11.28"]

1. d4 d5 2. Nf3 e6 3. c4 f5 4. Nc3 Nf6 5. Bf4 c6 6. e3 Be7 7. Bd3 O-O 8. Qc2
Ne4 9. O-O Nd7 10. Ne5 Bf6 11. f3 Nxc3 12. Qxc3 Nxe5 13. Bxe5 Bxe5 14. dxe5 Bd7
15. Rfe1 Qe7 16. Rac1 Rfc8 17. c5 b6 18. Qd4 bxc5 19. Rxc5 a5 20. Rec1 Rcb8 21.
a3 Be8 22. R1c2 Qb7 23. g4 g6 24. gxf5 exf5 25. Rg2 Qd7 26. Rg5 h6 27. Bxf5 Qe7
28. Rg2 Kh7 29. Bd3 Rb3 30. Bc2 Rb7 31. h4 h5 32. Rg5 Ra6 33. Rxh5+ Kg7 34. e6+
Qf6 35. Rh7+ 1-0

[Event "8. Open Bali sub-2300"]
[Site "Benidorm ESP"]
[Date "2009.12.01"]
[Round "4.1"]
[White "Chueca Forcen, Alberto"]
[Black "Voiteanu, Gabriel"]
[Result "0-1"]
[WhiteElo "2280"]
[BlackElo "2257"]
[PlyCount "64"]
[EventDate "2009.11.28"]
[EventType "swiss"]
[EventRounds "10"]
[EventCountry "ESP"]
[Source "lmi"]
[SourceDate "2009.11.28"]

1. d4 Nf6 2. c4 g6 3. Nc3 d5 4. Nf3 Bg7 5. Qb3 dxc4 6. Qxc4 O-O 7. e4 a6 8. e5
b5 9. Qb3 Be6 10. Qa3 Nd5 11. Bxb5 axb5 12. Qxa8 c5 13. Ng5 Nxc3 14. Nxe6 fxe6
15. bxc3 cxd4 16. O-O dxc3 17. Qe4 Qd5 18. Re1 Nc6 19. f4 Rd8 20. Ba3 g5 21. g3
Nd4 22. Kf2 Qxe4 23. Rxe4 Nc2 24. Rc1 Nxa3 25. Rxc3 Nc4 26. a4 Nb2 27. Kf3 Nxa4
28. Rc7 Kf7 29. Rb4 Rd5 30. Ke4 Nc5+ 31. Kf3 g4+ 32. Kxg4 Na6 0-1

[Event "8. Open Bali sub-2300"]
[Site "Benidorm ESP"]
[Date "2009.12.01"]
[Round "4.2"]
[White "Renteria, Jorge"]
[Black "Aranda Gonzalez, Jose"]
[Result "1/2-1/2"]
[WhiteElo "2248"]
[BlackElo "2276"]
[PlyCount "31"]
[EventDate "2009.11.28"]
[EventType "swiss"]
[EventRounds "10"]
[EventCountry "ESP"]
[Source "lmi"]
[SourceDate "2009.11.28"]

1. e4 e6 2. d4 d5 3. Nc3 Bb4 4. a3 Bxc3+ 5. bxc3 dxe4 6. Qg4 Nf6 7. Qxg7 Rg8 8.
Qh6 Rg6 9. Qd2 b6 10. Bb2 Bb7 11. O-O-O Nbd7 12. Ne2 Qe7 13. h3 O-O-O 14. Nf4
Rgg8 15. Qe3 e5 16. dxe5 1/2-1/2

[Event "8. Open Bali sub-2300"]
[Site "Benidorm ESP"]
[Date "2009.12.01"]
[Round "4.3"]
[White "Lillo Ferrer, Jose Maria M"]
[Black "Sanchez Jerez, Emilio Miguel"]
[Result "0-1"]
[WhiteElo "2194"]
[BlackElo "2298"]
[PlyCount "56"]
[EventDate "2009.11.28"]
[EventType "swiss"]
[EventRounds "10"]
[EventCountry "ESP"]
[Source "lmi"]
[SourceDate "2009.11.28"]

1. e4 d5 2. Nc3 d4 3. Nce2 g6 4. f4 Bg7 5. Nf3 c5 6. Ng3 h5 7. Bc4 h4 8. Ne2 h3
9. Ng5 hxg2 10. Bxf7+ Kf8 11. Rg1 Rxh2 12. d3 e5 13. Bxg6 Bh6 14. Nf3 Bg4 15.
Ng3 exf4 16. Nf5 Rh3 17. N3xd4 Qxd4 18. Nxd4 Bxd1 19. Ne6+ Ke7 20. Nc7 Nc6 21.
Nxa8 Ne5 22. Bf5 Rh1 23. Kf2 Bf3 24. Nc7 Nf6 25. Ne6 Nfg4+ 26. Bxg4 Nxg4+ 27.
Kxf3 Rxg1 28. Nxf4 Bxf4 0-1

[Event "8. Open Bali sub-2300"]
[Site "Benidorm ESP"]
[Date "2009.12.01"]
[Round "4.4"]
[White "Taras, Dan-Gheorghe"]
[Black "Van Hoolandt, Patrick"]
[Result "1-0"]
[WhiteElo "2293"]
[BlackElo "2211"]
[PlyCount "136"]
[EventDate "2009.11.28"]
[EventType "swiss"]
[EventRounds "10"]
[EventCountry "ESP"]
[Source "lmi"]
[SourceDate "2009.11.28"]

1. Nf3 d5 2. g3 Bg4 3. Bg2 Nd7 4. d3 c6 5. Nbd2 e6 6. O-O Bd6 7. e4 Ne7 8. h3
Bh5 9. Re1 O-O 10. Nb3 e5 11. g4 Bg6 12. Nh4 d4 13. Nf5 Bc7 14. c3 c5 15. c4 a5
16. Nd2 Ra6 17. Nf1 Nc6 18. N1g3 f6 19. Nh5 Rf7 20. Kh1 Nf8 21. Rg1 Ne6 22. Qf3
Kh8 23. Bf1 Bxh5 24. gxh5 Nf4 25. Qg4 Qf8 26. Nh4 Ne7 27. Bxf4 exf4 28. Ng6+
Nxg6 29. hxg6 hxg6 30. Be2 Qd6 31. Bf3 f5 32. Qh4+ Kg8 33. exf5 Rxf5 34. Rae1
Ra8 35. Qe7 Qxe7 36. Rxe7 Bd6 37. Rxb7 Rb8 38. Rd7 Rf6 39. Bd5+ Kf8 40. Re1 Re8
41. Rxe8+ Kxe8 42. Rxg7 Be7 43. Kg2 Rb6 44. b3 g5 45. Rh7 Kd7 46. Rh8 Ra6 47.
Bf7 Ra7 48. Be8+ Ke6 49. Bc6 Kd6 50. Rh6+ Kc7 51. Re6 Bd6 52. Be8 Ra8 53. Kf3
a4 54. bxa4 Rb8 55. Bb5 Rh8 56. Kg2 f3+ 57. Kxf3 Rxh3+ 58. Ke2 Rh1 59. a5 Ra1
60. a4 g4 61. a6 Ra2+ 62. Kf1 g3 63. fxg3 Bxg3 64. a7 Rf2+ 65. Kg1 Rf8 66. Bc6
Bf2+ 67. Kg2 Rg8+ 68. Kxf2 Rf8+ 1-0

[Event "8. Open Bali sub-2300"]
[Site "Benidorm ESP"]
[Date "2009.12.01"]
[Round "4.5"]
[White "Tallo Dominguez, Imar"]
[Black "Dobre, Claudiu-Cristian"]
[Result "0-1"]
[WhiteElo "2192"]
[BlackElo "2286"]
[PlyCount "86"]
[EventDate "2009.11.28"]
[EventType "swiss"]
[EventRounds "10"]
[EventCountry "ESP"]
[Source "lmi"]
[SourceDate "2009.11.28"]

1. e4 c6 2. d4 d5 3. e5 Bf5 4. Nf3 e6 5. Be2 Nd7 6. O-O Ne7 7. Be3 h6 8. Nbd2
Bh7 9. b3 Nf5 10. c4 Be7 11. c5 O-O 12. b4 f6 13. exf6 Bxf6 14. Nb3 e5 15. a4
Qc7 16. Qd2 Rae8 17. Ra2 exd4 18. Bf4 Be5 19. Nxe5 Nxe5 20. Nxd4 Nxd4 21. Qxd4
Nf3+ 22. Bxf3 Rxf4 23. Qd2 Qe5 24. a5 Rd4 25. Qc3 Bd3 26. Be2 Bxe2 27. Rxe2
Qxe2 28. Qxd4 Re4 29. Qc3 d4 30. Qb3+ Kh7 31. g3 d3 32. Kg2 d2 33. Rd1 Rd4 34.
Qf7 Rd5 35. Qf4 a6 36. Qf3 Qc4 37. Qa3 Qe4+ 38. Qf3 Qxb4 39. Rxd2 Rxd2 40. Qf5+
Kg8 41. Qe6+ Kf8 42. Qc8+ Ke7 43. Qc7+ Kf6 0-1

[Event "8. Open Bali sub-2300"]
[Site "Benidorm ESP"]
[Date "2009.12.01"]
[Round "4.6"]
[White "Trepat Herranz, Joan"]
[Black "Poyato Sala, Josep Albert"]
[Result "1/2-1/2"]
[WhiteElo "2284"]
[BlackElo "2197"]
[PlyCount "66"]
[EventDate "2009.11.28"]
[EventType "swiss"]
[EventRounds "10"]
[EventCountry "ESP"]
[Source "lmi"]
[SourceDate "2009.11.28"]

1. e4 e5 2. Nf3 Nc6 3. Nc3 Nf6 4. Bb5 Bb4 5. O-O O-O 6. d3 Bxc3 7. bxc3 d6 8.
Bg5 Qe7 9. Re1 h6 10. Bh4 Bg4 11. h3 Bxf3 12. Qxf3 Nd8 13. d4 Ne6 14. Rad1 Rfd8
15. Bf1 Nf8 16. g4 g5 17. Bg3 Ng6 18. Bc4 Ne8 19. Qe3 b6 20. h4 Ng7 21. hxg5
Qxg5 22. Qxg5 hxg5 23. Kg2 Ne6 24. Bxe6 fxe6 25. Rh1 Kg7 26. Rh5 Kf6 27. Rh7
Rh8 28. Rxc7 Rhc8 29. dxe5+ Nxe5 30. Bxe5+ Kxe5 31. Rg7 Kf6 32. Rh7 Rxc3 33.
Rxd6 Ke5 1/2-1/2

[Event "8. Open Bali sub-2300"]
[Site "Benidorm ESP"]
[Date "2009.12.01"]
[Round "4.7"]
[White "Lillo Castay, Victor"]
[Black "Fernandez Manrique, Agustin"]
[Result "0-1"]
[WhiteElo "2256"]
[BlackElo "2135"]
[PlyCount "68"]
[EventDate "2009.11.28"]
[EventType "swiss"]
[EventRounds "10"]
[EventCountry "ESP"]
[Source "lmi"]
[SourceDate "2009.11.28"]

1. e4 e6 2. Nf3 d5 3. Nc3 Nf6 4. e5 Nfd7 5. d4 c5 6. dxc5 Nc6 7. Bf4 Be7 8. h4
Nxc5 9. a3 a6 10. h5 h6 11. Rh3 Qb6 12. b4 Nd7 13. Qd2 Qc7 14. Qe3 Nb6 15. Rg3
Bf8 16. Rd1 Ne7 17. Nd4 Bd7 18. Nb1 Nc4 19. Bxc4 Qxc4 20. Nd2 Qc7 21. Rc1 g5
22. hxg6 fxg6 23. Rh3 Bg7 24. c4 g5 25. Bg3 Ng6 26. Rc3 Rc8 27. Qe2 O-O 28. Qh5
Nf4 29. Bxf4 Rxf4 30. cxd5 Qxe5+ 31. Ne2 Rxc3 32. Rxc3 exd5 33. Nf3 Qe4 34. Nd2
Bxc3 0-1

[Event "8. Open Bali sub-2300"]
[Site "Benidorm ESP"]
[Date "2009.12.01"]
[Round "4.8"]
[White "Acebal Muniz, Antonio"]
[Black "Ibarra Jerez, Juan Miguel"]
[Result "0-1"]
[WhiteElo "2171"]
[BlackElo "2244"]
[PlyCount "96"]
[EventDate "2009.11.28"]
[EventType "swiss"]
[EventRounds "10"]
[EventCountry "ESP"]
[Source "lmi"]
[SourceDate "2009.11.28"]

1. Nf3 Nf6 2. c4 g6 3. Nc3 d6 4. d4 Bf5 5. e3 Bg7 6. Bd3 Bg4 7. h3 Bxf3 8. Qxf3
Nc6 9. O-O O-O 10. Rd1 Re8 11. Nd5 Nd7 12. Bf1 a5 13. Bd2 e5 14. dxe5 Ncxe5 15.
Qg3 Nc5 16. Nc3 f5 17. Rab1 Qf6 18. b3 Kh8 19. a3 Qf7 20. f4 Ned7 21. Qf3 Nf6
22. Be1 Qe7 23. Bd2 c6 24. Kh2 Rad8 25. b4 axb4 26. axb4 Nce4 27. Nxe4 Nxe4 28.
Rb3 Ra8 29. Be1 Ra2 30. Bd3 Nf6 31. Bb1 Raa8 32. Qe2 d5 33. c5 Qc7 34. Bc3
Qxf4+ 35. exf4 Rxe2 36. b5 Ne4 37. Bxg7+ Kxg7 38. bxc6 bxc6 39. Rb7+ Kh6 40.
Bd3 Nxc5 41. Rxh7+ Kxh7 42. Bxe2 Ne6 43. Kg3 Ra3+ 44. Bf3 Kg7 45. Rc1 c5 46.
Kh4 d4 47. Bd5 Rc3 48. Rf1 Kf6 0-1

[Event "8. Open Bali sub-2300"]
[Site "Benidorm ESP"]
[Date "2009.12.01"]
[Round "4.9"]
[White "Maisuradze, Nino"]
[Black "Lada, Ireneusz"]
[Result "0-1"]
[WhiteElo "2242"]
[BlackElo "2123"]
[PlyCount "86"]
[EventDate "2009.11.28"]
[EventType "swiss"]
[EventRounds "10"]
[EventCountry "ESP"]
[Source "lmi"]
[SourceDate "2009.11.28"]

1. d4 Nf6 2. Nf3 e6 3. c4 b6 4. Bg5 Bb7 5. Nc3 Bb4 6. Nd2 h6 7. Bh4 g5 8. Bg3
Bxc3 9. bxc3 d6 10. f3 Nbd7 11. e3 Qe7 12. Bd3 e5 13. Qe2 e4 14. Bc2 O-O-O 15.
O-O-O Rhe8 16. Rhe1 h5 17. f4 gxf4 18. exf4 d5 19. Kb2 h4 20. Bf2 Ba6 21. Bb3
Qd6 22. Be3 Kb7 23. Rg1 Rf8 24. Qe1 c6 25. h3 Nh5 26. f5 Ng3 27. cxd5 cxd5 28.
c4 Qf6 29. cxd5 Nc5 30. Nc4 Nd3+ 31. Rxd3 exd3 32. Qb4 Bxc4 33. Bxc4 Rde8 34.
Bd2 Ne2 35. Rb1 Qxd4+ 36. Ka3 Rc8 37. Bb5 Qxd5 38. Rb3 Nd4 39. Qe7+ Rc7 40.
Ba6+ Ka8 41. Qxc7 Nxb3 42. Bc3 Qc5+ 43. Qxc5 Nxc5 0-1

[Event "8. Open Bali sub-2300"]
[Site "Benidorm ESP"]
[Date "2009.12.01"]
[Round "4.10"]
[White "Nikolaidis, Konstantinos"]
[Black "Jordan Martinez, Miguel"]
[Result "1/2-1/2"]
[WhiteElo "2241"]
[BlackElo "2077"]
[PlyCount "88"]
[EventDate "2009.11.28"]
[EventType "swiss"]
[EventRounds "10"]
[EventCountry "ESP"]
[Source "lmi"]
[SourceDate "2009.11.28"]

1. d4 Nf6 2. c4 d6 3. Nf3 g6 4. Nc3 Bg7 5. g3 O-O 6. Bg2 Nbd7 7. O-O c6 8. e4
Qc7 9. h3 e5 10. Be3 Re8 11. Qc2 h6 12. Rfd1 Nf8 13. Rd2 Nh5 14. c5 dxc5 15.
dxe5 Ne6 16. Ne2 g5 17. Bxc5 Nxc5 18. Qxc5 Bxe5 19. Nxe5 Rxe5 20. Qc2 Re7 21.
Rad1 Be6 22. Nd4 Rae8 23. Qc5 Qb6 24. Qc3 Bc8 25. Nb3 Ng7 26. Nc5 Ne6 27. Nd7
Bxd7 28. Rxd7 Nf8 29. R7d6 Re6 30. R6d2 Ng6 31. Kh2 Qb5 32. Rd6 Rxd6 33. Rxd6
Qe5 34. Qd2 Kg7 35. Bf3 Re6 36. Rd7 Rf6 37. Kg2 Qb5 38. Be2 Qc5 39. Qd4 Qxd4
40. Rxd4 Ne5 41. Rd8 b6 42. f3 c5 43. Kf2 Re6 44. Bb5 Rf6 1/2-1/2

[Event "8. Open Bali sub-2300"]
[Site "Benidorm ESP"]
[Date "2009.12.01"]
[Round "4.11"]
[White "Sanchez Barbado, Carlos"]
[Black "Exposito Amaro, Josue"]
[Result "0-1"]
[WhiteElo "2183"]
[BlackElo "2221"]
[PlyCount "68"]
[EventDate "2009.11.28"]
[EventType "swiss"]
[EventRounds "10"]
[EventCountry "ESP"]
[Source "lmi"]
[SourceDate "2009.11.28"]

1. e4 c5 2. Nc3 e6 3. g3 d5 4. exd5 exd5 5. d4 Nf6 6. Bg2 cxd4 7. Qxd4 Nc6 8.
Qa4 d4 9. Nb5 Bb4+ 10. c3 dxc3 11. Bxc6+ bxc6 12. Qxb4 cxb5 13. bxc3 Qd5 14.
Ba3 Qe5+ 15. Kf1 a5 16. Qc5 Qxc5 17. Bxc5 Be6 18. f3 O-O-O 19. Bd4 Rhe8 20. Kf2
Bc4 21. a3 Rd6 22. g4 Nd5 23. Nh3 Re2+ 24. Kg3 h5 25. g5 Ne7 26. Nf4 Nf5+ 27.
Kh3 Nxd4 28. Nxe2 Nxe2 29. a4 b4 30. cxb4 axb4 31. a5 b3 32. Ra4 Rd4 33. Kg2
Nc3 34. Rb4 Bf1+ 0-1

[Event "8. Open Bali sub-2300"]
[Site "Benidorm ESP"]
[Date "2009.12.01"]
[Round "4.12"]
[White "Lapicki, Raul"]
[Black "Mataix Arbona, Cesar"]
[Result "1-0"]
[WhiteElo "2266"]
[BlackElo "2042"]
[PlyCount "51"]
[EventDate "2009.11.28"]
[EventType "swiss"]
[EventRounds "10"]
[EventCountry "ESP"]
[Source "lmi"]
[SourceDate "2009.11.28"]

1. e4 e6 2. d4 d5 3. e5 c5 4. Nf3 Nc6 5. a3 f6 6. c3 Qc7 7. Bf4 Nge7 8. Bg3 Qb6
9. b4 cxd4 10. Bd3 Nf5 11. Bxf5 exf5 12. exf6 gxf6 13. O-O Be7 14. Re1 O-O 15.
Nxd4 Re8 16. Qd3 Bd7 17. Nc2 d4 18. cxd4 a5 19. Nc3 Bd8 20. Nd5 Qa7 21. b5 Nb8
22. a4 b6 23. Rxe8+ Bxe8 24. Qxf5 Qd7 25. Nxf6+ Bxf6 26. Qxf6 1-0

[Event "8. Open Bali sub-2300"]
[Site "Benidorm ESP"]
[Date "2009.12.01"]
[Round "4.13"]
[White "Agrest, Inna"]
[Black "Vlashki, Nino"]
[Result "1-0"]
[WhiteElo "2180"]
[BlackElo "2292"]
[PlyCount "63"]
[EventDate "2009.11.28"]
[EventType "swiss"]
[EventRounds "10"]
[EventCountry "ESP"]
[Source "lmi"]
[SourceDate "2009.11.28"]

1. e4 e5 2. Nf3 Nc6 3. Bb5 a6 4. Ba4 Nf6 5. O-O Bc5 6. d3 b5 7. Bb3 d6 8. a4
Bg4 9. c3 O-O 10. Nbd2 Na5 11. Bc2 b4 12. Re1 Rb8 13. h3 Bh5 14. Nf1 h6 15. Ng3
Bxf3 16. Qxf3 bxc3 17. bxc3 Nb3 18. Bxb3 Rxb3 19. Nf5 Kh7 20. Bd2 Ng8 21. Reb1
Rxb1+ 22. Rxb1 g6 23. Ne3 Qd7 24. Nd5 Qxa4 25. Rb7 Qa1+ 26. Kh2 Qf1 27. d4 exd4
28. Rxc7 Kg7 29. Nf4 d3 30. Ne6+ Kh8 31. Rxc5 Re8 32. Rc7 1-0

[Event "8. Open Bali sub-2300"]
[Site "Benidorm ESP"]
[Date "2009.12.01"]
[Round "4.14"]
[White "Picazo Lopez, Juan Antonio"]
[Black "Lanza, Luciano"]
[Result "1-0"]
[WhiteElo "2264"]
[BlackElo "2178"]
[PlyCount "109"]
[EventDate "2009.11.28"]
[EventType "swiss"]
[EventRounds "10"]
[EventCountry "ESP"]
[Source "lmi"]
[SourceDate "2009.11.28"]

1. d4 Nf6 2. c4 g6 3. Nc3 Bg7 4. e4 d6 5. Be2 O-O 6. Bg5 c5 7. dxc5 Qa5 8. Bd2
Qxc5 9. Nf3 Bg4 10. Be3 Qc8 11. Rc1 Nc6 12. O-O Bxf3 13. Bxf3 Qe6 14. b3 Ne5
15. Be2 h5 16. h3 Nc6 17. Qd3 Nd7 18. Nd5 Rac8 19. b4 Nf6 20. f3 b6 21. Rfd1
Qd7 22. Qb3 Qb7 23. Qa4 Nxd5 24. cxd5 Nb8 25. Bb5 Bf6 26. Bc6 Qa6 27. Qxa6 Nxa6
28. a3 Nb8 29. Rc2 Rc7 30. Rdc1 Rfc8 31. a4 Na6 32. Rc4 e6 33. Kf2 Kf8 34. Ke2
Ke7 35. Kd3 Kd8 36. Bf4 Ke7 37. Bd2 Kd8 38. Kc2 Nb8 39. Kb3 Nd7 40. R4c2 Ke7
41. Be3 Ne5 42. f4 Nd7 43. Kc4 Nb8 44. Kb5 Nd7 45. Rc4 Kd8 46. Bxd7 Rxc4 47.
Bxc8 Rxc1 48. Bxc1 Kxc8 49. Kc6 Bc3 50. Ba3 Bd2 51. Kxd6 exd5 52. exd5 Kd8 53.
Kc6 Kc8 54. b5 Bxf4 55. Be7 1-0

[Event "8. Open Bali sub-2300"]
[Site "Benidorm ESP"]
[Date "2009.12.01"]
[Round "4.15"]
[White "Lopez Perdomo, Juan David"]
[Black "Arata, Roberto Mario"]
[Result "1-0"]
[WhiteElo "2166"]
[BlackElo "2257"]
[PlyCount "57"]
[EventDate "2009.11.28"]
[EventType "swiss"]
[EventRounds "10"]
[EventCountry "ESP"]
[Source "lmi"]
[SourceDate "2009.11.28"]

1. e4 c6 2. d4 d5 3. Nc3 dxe4 4. Nxe4 Nf6 5. Nxf6+ exf6 6. c3 Bd6 7. Bd3 O-O 8.
Ne2 Qc7 9. Qc2 g6 10. h4 c5 11. dxc5 Bxc5 12. h5 Re8 13. hxg6 fxg6 14. Bxg6 Re7
15. Qb3+ Kh8 16. Bf4 Qb6 17. Bxh7 Be6 18. Bf5+ Kg8 19. Bxe6+ Qxe6 20. Qxe6+
Rxe6 21. Bxb8 Rxb8 22. Rd1 Rbe8 23. Rd2 Re5 24. g3 b5 25. Kf1 a5 26. Nf4 b4 27.
cxb4 axb4 28. Kg2 Ra8 29. Ng6 1-0

[Event "8. Open Bali sub-2300"]
[Site "Benidorm ESP"]
[Date "2009.12.01"]
[Round "4.17"]
[White "Del Valle Cirera, Adria"]
[Black "Schmidt, Ralf"]
[Result "1-0"]
[WhiteElo "2236"]
[BlackElo "2162"]
[PlyCount "47"]
[EventDate "2009.11.28"]
[EventType "swiss"]
[EventRounds "10"]
[EventCountry "ESP"]
[Source "lmi"]
[SourceDate "2009.11.28"]

1. e4 e6 2. d4 d5 3. Nc3 Bb4 4. Nge2 Nf6 5. Bg5 dxe4 6. a3 Be7 7. Bxf6 Bxf6 8.
Nxe4 O-O 9. Qd3 b6 10. g3 Be7 11. Bg2 c6 12. O-O-O Nd7 13. f4 Bb7 14. N2c3 a6
15. h4 g6 16. h5 f5 17. hxg6 hxg6 18. Rh6 Kg7 19. Rdh1 Rg8 20. Rh7+ Kf8 21. Qc4
fxe4 22. Qxe6 Qe8 23. Nxe4 Bc8 24. Nd6 1-0

[Event "8. Open Bali sub-2300"]
[Site "Benidorm ESP"]
[Date "2009.12.01"]
[Round "4.23"]
[White "Turcu, Iulian"]
[Black "Larios Herraiz, Enrique"]
[Result "1-0"]
[WhiteElo "2197"]
[BlackElo "2079"]
[PlyCount "57"]
[EventDate "2009.11.28"]
[EventType "swiss"]
[EventRounds "10"]
[EventCountry "ESP"]
[Source "lmi"]
[SourceDate "2009.11.28"]

1. d4 e6 2. Nf3 b6 3. g3 Bb7 4. Bg2 f5 5. O-O Nf6 6. c4 Be7 7. b3 O-O 8. Bb2
Ne4 9. Nfd2 d5 10. Nxe4 fxe4 11. Nc3 Nd7 12. e3 Rf6 13. Rc1 a6 14. Ne2 Rh6 15.
Rc2 Bd6 16. Qc1 Qf8 17. f3 Qf5 18. c5 Qh5 19. cxd6 Qxh2+ 20. Kf2 exf3 21. Kxf3
Ne5+ 22. dxe5 d4+ 23. e4 d3 24. Nf4 dxc2 25. Rh1 Bxe4+ 26. Kxe4 Qxg3 27. Rxh6
gxh6 28. Bh3 cxd6 29. Bxe6+ 1-0

[Event "8. Open Bali sub-2300"]
[Site "Benidorm ESP"]
[Date "2009.12.01"]
[Round "4.24"]
[White "Andres Terrado, Miguel Angel"]
[Black "Taras, Dan-Gheorghe"]
[Result "1-0"]
[WhiteElo "2062"]
[BlackElo "2293"]
[PlyCount "59"]
[EventDate "2009.11.28"]
[EventType "swiss"]
[EventRounds "10"]
[EventCountry "ESP"]
[Source "lmi"]
[SourceDate "2009.11.28"]

1. e4 c5 2. Nf3 d6 3. d4 Nf6 4. Nc3 cxd4 5. Nxd4 a6 6. Be3 e5 7. Nb3 Be6 8. f3
Nbd7 9. Qd2 Be7 10. O-O-O O-O 11. g4 b5 12. g5 b4 13. Ne2 Ne8 14. f4 a5 15. Kb1
a4 16. Nbc1 exf4 17. Bxf4 Qb6 18. Nd4 Ne5 19. Nf5 Bxf5 20. exf5 b3 21. cxb3
axb3 22. a3 Rc8 23. Bd3 Nxd3 24. Qxd3 d5 25. Rhg1 d4 26. Be5 Qc5 27. Bxd4 Qc2+
28. Ka1 Qxh2 29. f6 Bxa3 30. Rh1 1-0

[Event "8. Open Bali sub-2300"]
[Site "Benidorm ESP"]
[Date "2009.12.01"]
[Round "4.31"]
[White "Lacrosse, Marc"]
[Black "Martin Martin, Luis Vicente"]
[Result "1-0"]
[WhiteElo "2228"]
[BlackElo "2074"]
[PlyCount "51"]
[EventDate "2009.11.28"]
[EventType "swiss"]
[EventRounds "10"]
[EventCountry "ESP"]
[Source "lmi"]
[SourceDate "2009.11.28"]

1. d4 Nf6 2. c4 e5 3. dxe5 Ne4 4. a3 d6 5. Nf3 Nc6 6. Qc2 d5 7. Nc3 Nxc3 8.
Qxc3 Bg4 9. Bf4 d4 10. Qb3 Na5 11. Qa4+ Nc6 12. Rd1 Bxf3 13. gxf3 Qe7 14. Rxd4
g5 15. Bg3 Bg7 16. Bh3 O-O 17. Rd7 Qe8 18. Rxc7 Qb8 19. e6 Be5 20. exf7+ Kg7
21. Qxc6 Bxg3 22. Rxb7 Qf4 23. Kf1 Bh4 24. e3 Qe5 25. Qe6 Qc5 26. b4 1-0